Zmluvná pokuta a odstúpenie od zmluvy

Odstúpenie od zmluvy v Občianskom zákonníku a v Obchodnom zákonníku. Zánik záväzku na zmluvnú pokutu pri odstúpení od zmluvy podľa občianskeho práva a podľa obchodného práva. Odstúpenie od zmluvy o úvere, príp. o pôžičke. Odstúpenie od zmluvy a vznik nároku na zmluvnú pokutu.

Salvato in:
Dettagli Bibliografici
Autore principale: Ovečková, Oľga
Natura: Capitolo di libro
Lingua:slovacco
Soggetti:
Tags: Aggiungi Tag
Nessun Tag, puoi essere il primo ad aggiungerne!!

MARC

LEADER 00000naa$a2200000$$$4500
001 0026026
005 20231102091355.4
041 0 |a slo 
044 |a SK 
245 1 0 |a Zmluvná pokuta a odstúpenie od zmluvy  |c Oľga Ovečková 
520 |a Odstúpenie od zmluvy v Občianskom zákonníku a v Obchodnom zákonníku. Zánik záväzku na zmluvnú pokutu pri odstúpení od zmluvy podľa občianskeho práva a podľa obchodného práva. Odstúpenie od zmluvy o úvere, príp. o pôžičke. Odstúpenie od zmluvy a vznik nároku na zmluvnú pokutu. 
610 2 0 |a právo občianske 
610 2 0 |a právo obchodné 
610 2 0 |a zmluvy 
610 2 0 |a záväzky 
610 2 0 |a zabezpečenie záväzkov 
610 2 0 |a úver 
610 2 0 |a pokuty 
610 2 0 |a pôžičky 
610 2 0 |a Slovensko 
610 2 0 |a legislatíva 
610 2 0 |a právo zmluvné 
100 1 |a Ovečková, Oľga